[Event "CZE-chT1E 2425"]
[Site "Czech Republic"]
[Date "2025.01.19"]
[Round "6.6"]
[White "Skacelik, Petr"]
[Black "Bednarik, Josef"]
[Result "1-0"]
[WhiteElo "2101"]
[BlackElo "2052"]
[PlyCount "75"]
[EventDate "2024.10.20"]
[EventType "team-tourn"]
[EventRounds "11"]
[EventCountry "CZE"]
[SourceTitle "CB16_2025"]
[SourceDate "2025.04.16"]
[SourceVersion "1"]
[SourceVersionDate "2025.04.16"]
[SourceQuality "1"]
[WhiteTeam "Brno Moravska Slavia II"]
[BlackTeam "Hostalkova"]
[WhiteTeamCountry "CZE"]
[BlackTeamCountry "CZE"]

1. d4 Nf6 2. c4 e6 3. Nc3 d5 4. Bg5 Be7 5. e3 0-0 6. Nf3 Nbd7 7. Rc1 Re8 8. Bd3 a6 9. a4 dxc4 10. Bxc4 c5 11. 0-0 Nb6 12. Bb3 cxd4 13. Nxd4 e5 14. Nf3 Qxd1 15. Rfxd1 h6 16. Bh4 Nbd7 17. Bxf6 Bxf6 18. Nd5 Rb8 19. Nd2 e4 20. Nc4 Be5 21. a5 Nc5 22. Bc2 Bf5 23. f3 Kf8 24. b4 Nd7 25. f4 Bg4 26. Rd2 Bf6 27. Nd6 Re6 28. Nxe4 Rc8 29. Re1 Rxc2 30. Rxc2 Rxe4 31. h3 Bf5 32. g4 Bh7 33. Rc7 Nb8 34. Rxb7 Nc6 35. Rc1 Re6 36. f5 Rd6 37. Nxf6 gxf6 38. Rb6 1-0

[Event "CZE-chT1E 2122"]
[Site "Czech Republic"]
[Date "2022.03.27"]
[Round "11.1"]
[White "Bednarik, Josef"]
[Black "Cupek, Martin"]
[Result "1/2-1/2"]
[WhiteElo "2147"]
[BlackElo "2088"]
[PlyCount "192"]
[EventDate "2021.10.09"]
[EventType "team-tourn"]
[EventRounds "11"]
[EventCountry "CZE"]
[SourceTitle "EXT 2023"]
[Source "ChessBase"]
[SourceDate "2022.10.05"]
[SourceVersion "1"]
[SourceVersionDate "2022.10.05"]
[SourceQuality "1"]
[WhiteTeam "Hostalkova"]
[BlackTeam "Trinec"]
[WhiteTeamCountry "CZE"]
[BlackTeamCountry "CZE"]

1. e4 Nc6 2. c4 e5 3. Nc3 Bc5 4. d3 Nge7 5. Nf3 d6 6. Be2 0-0 7. 0-0 Ng6 8. Be3 b6 9. d4 exd4 10. Nxd4 Nxd4 11. Bxd4 Qg5 12. Bxc5 Nf4 13. Bf3 dxc5 14. Nd5 Ne6 15. g3 Bb7 16. Bg2 Rfe8 17. f4 Qd8 18. e5 Rb8 19. Qg4 Bxd5 20. cxd5 Nd4 21. Rae1 f5 22. Qd1 a5 23. Qd3 h5 24. h4 Qd7 25. Rf2 Rbd8 26. Rd2 Qf7 27. Qc4 Kh7 28. Rxd4 cxd4 29. Qxd4 Re7 30. Rd1 Qe8 31. Qc4 Red7 32. Kh2 Qg6 33. Qe2 Re7 34. Rd4 Qf7 35. Qd2 g6 36. Bf1 Qf8 37. Bb5 Rg7 38. Rc4 Qf7 39. Bc6 Qe7 40. Qd4 Rb8 41. a4 Kh6 42. Rc3 Rgg8 43. Bb5 Rg7 44. Rc6 Qd8 45. Rf6 Kh7 46. Qc4 Qe7 47. Re6 Qf8 48. Rc6 Qe7 49. Re6 Qf8 50. Kh3 Rd8 51. Rc6 Qe7 52. Qd4 Kh6 53. Qc4 Kh7 54. Qb3 Kh6 55. Bd3 Qd7 56. Bc4 Qe7 57. Qb5 Kh7 58. Kg2 Kh6 59. Kf3 Kh7 60. Re6 Qf8 61. Bb3 Kh6 62. Rc6 Qe7 63. Qc4 Kh7 64. Qd4 Qd7 65. Qc3 Qe7 66. Ba2 Qd7 67. Qa3 Kh6 68. Bc4 Kh7 69. Ba2 Kh6 70. Rc3 Kh7 71. Rd3 Qe8 72. Bc4 Qf7 73. Qc3 Qe7 74. Bb5 Kh6 75. Bc6 Kh7 76. Qa3 Qf7 77. Qc3 Qe7 78. Qd4 Kh6 79. e6 Kh7 80. Qe5 Qd6 81. Qxd6 Rxd6 82. Re3 Re7 83. Ke2 Kg7 84. Re5 Kf6 85. Bb5 Rg7 86. Ke3 Ke7 87. Kd4 c5+ 88. Kc4 Rd8 89. Bc6 Kd6 90. Kb5 Rb8 91. b3 Re7 92. Ka6 Rc7 93. Kb5 Ra7 94. Bd7 Kc7 95. Kc4 Kd6 96. Kb5 Kc7 1/2-1/2

[Event "CZE-chT1E 1920"]
[Site "Czech Republic"]
[Date "2020.06.13"]
[Round "10.5"]
[White "Lojek, Marek"]
[Black "Bednarik, Josef"]
[Result "1/2-1/2"]
[WhiteElo "2199"]
[BlackElo "2132"]
[PlyCount "28"]
[EventDate "2019.10.20"]
[EventType "team-tourn"]
[EventRounds "11"]
[EventCountry "CZE"]
[SourceTitle "EXT 2021"]
[Source "ChessBase"]
[SourceDate "2020.10.23"]
[SourceVersion "1"]
[SourceVersionDate "2020.10.23"]
[SourceQuality "1"]
[WhiteTeam "Orlova Slavia"]
[BlackTeam "Hostalkova"]
[WhiteTeamCountry "CZE"]
[BlackTeamCountry "CZE"]

1. e4 c5 2. c3 Nc6 3. d4 e6 4. Nf3 d5 5. e5 Qb6 6. a3 Bd7 7. b4 cxd4 8. cxd4 f6 9. exf6 gxf6 10. Nc3 Bd6 11. Bd3 Nge7 12. Bh6 Kf7 13. h4 Rag8 14. Rc1 e5 1/2-1/2

[Event "CZE-chT2E 1819"]
[Site "Czech Republic"]
[Date "2019.02.24"]
[Round "9.3"]
[White "Knotek, Josef"]
[Black "Bednarik, Josef"]
[Result "0-1"]
[WhiteElo "1938"]
[BlackElo "2115"]
[PlyCount "137"]
[EventDate "2018.10.14"]
[EventType "team-tourn"]
[EventRounds "11"]
[EventCountry "CZE"]
[SourceTitle "EXT 2022"]
[Source "ChessBase"]
[SourceDate "2021.10.06"]
[SourceVersion "1"]
[SourceVersionDate "2021.10.06"]
[SourceQuality "1"]
[WhiteTeam "Kunovice"]
[BlackTeam "Zlin"]
[WhiteTeamCountry "CZE"]
[BlackTeamCountry "CZE"]

1. d4 f5 2. e4 d6 3. exf5 Bxf5 4. Bd3 Qc8 5. Nf3 Nf6 6. 0-0 Nc6 7. Re1 Nb4 8. Bxf5 Qxf5 9. Re2 h6 10. a3 Nc6 11. c4 0-0-0 12. d5 Ne5 13. Nxe5 dxe5 14. Qe1 Qd3 15. b3 e6 16. Bb2 exd5 17. cxd5 Bc5 18. Nc3 Rhf8 19. Na4 Bd6 20. Re3 Qxd5 21. Bxe5 Ng4 22. Rd1 Qb5 23. Rxd6 cxd6 24. Rc3+ Kb8 25. Bg3 Rfe8 26. Qd1 Qd5 27. Qf1 Qd2 28. Rc1 Qe2 29. Nc3 Qxf1+ 30. Kxf1 Nf6 31. f3 a6 32. Rd1 Re6 33. Na4 Nh5 34. Bf2 d5 35. Nc5 Re7 36. g4 Nf6 37. Bg3+ Ka7 38. Bf2 b6 39. Na4 Re6 40. Rc1 Kb7 41. Bd4 Rdd6 42. Rc2 Ne8 43. Nc3 Re7 44. Kf2 Nc7 45. a4 Rc6 46. Rd2 Ne6 47. Ne2 Rd7 48. Be5 Rc8 49. Bd4 Nc5 50. Rd1 Nxb3 51. Bxb6 Kxb6 52. Rb1 d4 53. Rxb3+ Ka5 54. Ke1 Kxa4 55. Rb1 d3 56. Nf4 d2+ 57. Kd1 Re8 58. Ra1+ Kb5 59. Rb1+ Kc4 60. Ne2 Rd6 61. Ra1 Rxe2 62. Kxe2 d1Q+ 63. Rxd1 Rxd1 64. Kxd1 Kd3 65. f4 Ke4 66. f5 Kf4 67. h3 Kg3 68. Ke2 a5 69. g5 0-1

[Event "CZE-chT2E 1819"]
[Site "Czech Republic"]
[Date "2018.10.14"]
[Round "1.4"]
[White "Bednarik, Josef"]
[Black "Bohacek, Milan"]
[Result "1-0"]
[WhiteElo "2115"]
[BlackElo "2143"]
[PlyCount "137"]
[EventDate "2018.10.14"]
[EventType "team-tourn"]
[EventRounds "11"]
[EventCountry "CZE"]
[SourceTitle "EXT 2022"]
[Source "ChessBase"]
[SourceDate "2021.10.06"]
[SourceVersion "1"]
[SourceVersionDate "2021.10.06"]
[SourceQuality "1"]
[WhiteTeam "Zlin"]
[BlackTeam "Prusanky Podluzan"]
[WhiteTeamCountry "CZE"]
[BlackTeamCountry "CZE"]

1. e4 b6 2. d4 Bb7 3. f3 e6 4. Be3 d5 5. e5 c5 6. c3 Ne7 7. f4 Qd7 8. Nf3 Ba6 9. Bxa6 Nxa6 10. 0-0 Nf5 11. Bf2 Nb8 12. Nbd2 cxd4 13. Nxd4 Nxd4 14. Bxd4 Nc6 15. Nb3 g6 16. Qe2 Rc8 17. Bf2 Be7 18. Rfd1 Qb7 19. h3 0-0 20. g4 Kh8 21. Bg3 Rg8 22. Kh2 Qc7 23. Rd3 Rcf8 24. a3 Bd8 25. Nd2 Ne7 26. Nf3 Qc4 27. Qd1 b5 28. Nd4 a6 29. Rf3 Rg7 30. Qd2 Qc8 31. Qe2 Rfg8 32. Bf2 Nc6 33. Bg3 Bb6 34. Qd3 Nxd4 35. cxd4 Qc4 36. Qxc4 dxc4 37. Rd1 h6 38. d5 Rd8 39. d6 Rd7 40. f5 gxf5 41. gxf5 exf5 42. Rxf5 Rg5 43. Rf3 Kh7 44. Rdf1 Kg6 45. h4 Rg4 46. Rf6+ Kg7 47. Bf4 Rxh4+ 48. Kg3 Bd8 49. Kxh4 Bxf6+ 50. exf6+ Kxf6 51. Bxh6+ Ke6 52. Bf4 a5 53. Kg4 b4 54. axb4 axb4 55. Re1+ Kf6 56. Re4 c3 57. bxc3 bxc3 58. Rc4 Rb7 59. Rxc3 Ke6 60. Re3+ Kf6 61. Bg5+ Kg6 62. Be7 Rb4+ 63. Kf3 Rb7 64. Rc3 Kf5 65. Bh4 Ke6 66. Bg3 Rb1 67. Re3+ Kf5 68. Rd3 Rb8 69. d7 1-0

[Event "CZE-chT2E 1718"]
[Site "Czech Republic"]
[Date "2018.03.18"]
[Round "10.3"]
[White "Vymazal, Bronislav"]
[Black "Bednarik, Josef"]
[Result "1-0"]
[WhiteElo "2309"]
[BlackElo "2108"]
[PlyCount "137"]
[EventDate "2017.10.15"]
[EventType "team-tourn"]
[EventRounds "11"]
[EventCountry "CZE"]
[SourceTitle "EXT 2022"]
[Source "ChessBase"]
[SourceDate "2021.10.06"]
[SourceVersion "1"]
[SourceVersionDate "2021.10.06"]
[SourceQuality "1"]
[WhiteTeam "Brno Moravska Slavia II"]
[BlackTeam "Zlin"]
[WhiteTeamCountry "CZE"]
[BlackTeamCountry "CZE"]

1. e4 c5 2. Nf3 Nc6 3. Bb5 d6 4. 0-0 Bd7 5. Re1 e5 6. c3 a6 7. Bf1 Nf6 8. h3 Be7 9. d4 0-0 10. Nbd2 Qc7 11. d5 Nd8 12. a4 a5 13. Bd3 Ne8 14. Nf1 g6 15. Bh6 Ng7 16. Ng3 f6 17. Nd2 Nf7 18. Be3 f5 19. exf5 gxf5 20. f4 Bh4 21. Ndf1 e4 22. Be2 Nh8 23. Qd2 Ng6 24. Rec1 Bf6 25. Nh5 Nxh5 26. Bxh5 Be8 27. Kh2 Kh8 28. Ng3 Nh4 29. Be2 Rg8 30. Rg1 Qg7 31. Nf1 Qh6 32. Bf2 Bh5 33. Bxh4 Bxh4 34. g3 Bf6 35. Bxh5 Qxh5 36. Qd1 Qf7 37. Ne3 Qd7 38. Qh5 Raf8 39. Qxf5 Qxf5 40. Nxf5 Bxc3 41. bxc3 Rxf5 42. c4 e3 43. Rge1 Re8 44. Kg2 Re4 45. Rac1 Rf7 46. Kf3 Rfe7 47. Re2 Kg7 48. Rc3 Rd4 49. Rexe3 Rxe3+ 50. Kxe3 Kf6 51. g4 h6 52. Kf3 Kf7 53. Kg3 Kg7 54. Rb3 Rxc4 55. Rxb7+ Kf6 56. Rd7 Rxa4 57. Rxd6+ Kg7 58. Rc6 Rc4 59. f5 a4 60. Rg6+ Kh7 61. Ra6 Rd4 62. d6 Rd3+ 63. Kh4 a3 64. Ra7+ Kg8 65. d7 c4 66. Ra8+ Kf7 67. d8Q Rxd8 68. Rxd8 c3 69. Rd1 1-0

[Event "CZE-chT1E 1718"]
[Site "Czech Republic"]
[Date "2018.01.07"]
[Round "5.1"]
[White "Bednarik, Josef"]
[Black "Kratochvil, Milan"]
[Result "1/2-1/2"]
[WhiteElo "2108"]
[BlackElo "2215"]
[PlyCount "22"]
[EventDate "2017.10.22"]
[EventType "team-tourn"]
[EventRounds "11"]
[EventCountry "CZE"]
[SourceTitle "EXT 2019"]
[Source "ChessBase"]
[SourceDate "2018.10.10"]
[SourceVersion "1"]
[SourceVersionDate "2018.10.10"]
[SourceQuality "1"]
[WhiteTeam "Hostalkova"]
[BlackTeam "Brno Lokomotiva"]
[WhiteTeamCountry "CZE"]
[BlackTeamCountry "CZE"]

1. e4 e5 2. Nf3 Nf6 3. Nxe5 d6 4. Nf3 Nxe4 5. d3 Nf6 6. d4 d5 7. Bd3 Bg4 8. 0-0 Be7 9. Bg5 0-0 10. Nbd2 Nbd7 11. c3 Ne4 1/2-1/2

[Event "CZE-chT1E 1718"]
[Site "Czech Republic"]
[Date "2017.10.22"]
[Round "1.3"]
[White "Bednarik, Josef"]
[Black "Svancara, Petr"]
[Result "1-0"]
[WhiteElo "2108"]
[BlackElo "2096"]
[PlyCount "109"]
[EventDate "2017.10.22"]
[EventType "team-tourn"]
[EventRounds "11"]
[EventCountry "CZE"]
[SourceTitle "CBM 181 Extra"]
[Source "ChessBase"]
[SourceDate "2017.12.12"]
[SourceVersion "1"]
[SourceVersionDate "2017.12.12"]
[SourceQuality "1"]
[WhiteTeam "Hostalkova"]
[BlackTeam "Grygov"]
[WhiteTeamCountry "CZE"]
[BlackTeamCountry "CZE"]

1. e4 d6 2. d4 g6 3. Be3 Bg7 4. Nc3 Nf6 5. f3 a6 6. Qd2 b5 7. g4 Bb7 8. Nge2 Nbd7 9. Ng3 c5 10. g5 Nh5 11. Nxh5 gxh5 12. 0-0-0 c4 13. Ne2 a5 14. Ng3 Rg8 15. Nf5 Qc7 16. Nxg7+ Rxg7 17. Qf2 b4 18. d5 a4 19. Kb1 Ba6 20. f4 0-0-0 21. Be2 Kb8 22. Bxh5 Nc5 23. Qf3 a3 24. Bd4 Rgg8 25. bxa3 b3 26. axb3 cxb3 27. cxb3 Ka8 28. Bxc5 Qxc5 29. Kb2 Rb8 30. Rc1 Qd4+ 31. Qc3 Qxe4 32. Qc6+ Ka7 33. Rhe1 Qd4+ 34. Qc3 Qxf4 35. Rxe7+ Rb7 36. Rxb7+ Bxb7 37. Qa5+ Kb8 38. Qc7+ Ka8 39. Bxf7 Rxg5 40. a4 Qxh2+ 41. Ka3 Rg2 42. Be6 Ra2+ 43. Kb4 Qd2+ 44. Qc3 Qf2 45. Kb5 Rb2 46. Qa5+ Kb8 47. Qc7+ Ka8 48. b4 Qe2+ 49. Qc4 Qf2 50. Rf1 Qe3 51. Rf7 Rf2 52. Rxb7 Kxb7 53. Qc8+ Ka7 54. Qc7+ Ka8 55. Ka6 1-0

[Event "Vsetin op"]
[Site "Vsetin"]
[Date "2017.07.03"]
[Round "3"]
[White "Kovarik, Matyas"]
[Black "Bednarik, Josef"]
[Result "1-0"]
[WhiteElo "1890"]
[BlackElo "2183"]
[PlyCount "83"]
[EventDate "2017.07.01"]
[EventType "swiss"]
[EventRounds "9"]
[EventCountry "CZE"]
[SourceTitle "CBM 179 Extra"]
[Source "ChessBase"]
[SourceDate "2017.08.23"]
[SourceVersion "1"]
[SourceVersionDate "2017.08.23"]
[SourceQuality "1"]

1. e4 c5 2. Nf3 Nc6 3. d4 cxd4 4. Nxd4 Nf6 5. Nc3 e5 6. Ndb5 d6 7. Bg5 a6 8. Na3 Be7 9. Nc4 Nd4 10. Bxf6 Bxf6 11. Ne3 Be6 12. Ncd5 Bg5 13. c3 Nc6 14. Be2 0-0 15. Bg4 g6 16. 0-0 f5 17. exf5 gxf5 18. Bh3 Ne7 19. f4 Nxd5 20. Nxd5 Bh6 21. Qh5 Bg7 22. Ne3 Qb6 23. Rae1 e4 24. Kh1 Qb5 25. c4 Qe8 26. Qg5 Qd7 27. g4 fxg4 28. Nxg4 Kh8 29. Rxe4 Rae8 30. Rfe1 Bxc4 31. Re7 Bd5+ 32. Bg2 Bxg2+ 33. Kxg2 Qc6+ 34. Kg3 Rg8 35. Rxe8 Rxe8 36. Re7 Rg8 37. Kh4 Qb6 38. f5 h6 39. Qg6 Qxb2 40. f6 Bxf6+ 41. Qxf6+ Qxf6+ 42. Nxf6 1-0

[Event "Vsetin op"]
[Site "Vsetin"]
[Date "2017.07.02"]
[Round "2"]
[White "Bednarik, Josef"]
[Black "Malinovsky, Petr"]
[Result "1/2-1/2"]
[WhiteElo "2183"]
[BlackElo "2019"]
[PlyCount "92"]
[EventDate "2017.07.01"]
[EventType "swiss"]
[EventRounds "9"]
[EventCountry "CZE"]
[SourceTitle "CBM 179 Extra"]
[Source "ChessBase"]
[SourceDate "2017.08.23"]
[SourceVersion "1"]
[SourceVersionDate "2017.08.23"]
[SourceQuality "1"]

1. e4 c5 2. Nf3 e6 3. c4 Nc6 4. Nc3 Nd4 5. d3 Ne7 6. Be2 Nec6 7. 0-0 Be7 8. Ne1 0-0 9. f4 f5 10. Bf3 d6 11. Nc2 Rb8 12. Ne3 Bd7 13. exf5 Nxf3+ 14. Qxf3 Nd4 15. Qf2 Nxf5 16. Nxf5 Rxf5 17. Qe2 Bf6 18. Ne4 Qf8 19. Be3 Bd4 20. Bxd4 cxd4 21. g3 Re8 22. Qd2 Bc6 23. b4 d5 24. Nc5 b6 25. Nb3 dxc4 26. Nxd4 Qd6 27. Nxf5 exf5 28. h3 Qd5 29. Kh2 Re3 30. Rf2 Rxd3 31. Qb2 Rd1 32. Rxd1 Qxd1 33. g4 fxg4 34. Kg3 Qd3+ 35. Kxg4 c3 36. Qe2 h5+ 37. Kh4 Qd8+ 38. Kg3 h4+ 39. Kh2 Qd5 40. Qe1 b5 41. Rc2 Qf3 42. Qe6+ Kf8 43. Qc8+ Ke7 44. Qc7+ Ke8 45. Qc8+ Ke7 46. Qc7+ Ke8 1/2-1/2

[Event "CZE-chT2E 1617"]
[Site "Czech Republic"]
[Date "2017.01.29"]
[Round "7.5"]
[White "Bednarik, Josef"]
[Black "Stanec, Stanislav"]
[Result "1-0"]
[WhiteElo "2128"]
[BlackElo "2092"]
[PlyCount "93"]
[EventDate "2016.09.10"]
[EventType "team-tourn"]
[EventRounds "11"]
[EventCountry "CZE"]
[SourceTitle "EXT 2022"]
[Source "ChessBase"]
[SourceDate "2021.10.06"]
[SourceVersion "1"]
[SourceVersionDate "2021.10.06"]
[SourceQuality "1"]
[WhiteTeam "Hostalkova"]
[BlackTeam "Prusanky Podluzan"]
[WhiteTeamCountry "CZE"]
[BlackTeamCountry "CZE"]

1. e4 c6 2. Nc3 d5 3. g3 d4 4. Nce2 e5 5. d3 c5 6. Bg2 Nc6 7. f4 Bd6 8. Nf3 Nf6 9. 0-0 0-0 10. f5 h6 11. h3 Nh7 12. g4 Be7 13. a3 b5 14. Qe1 Ng5 15. Nd2 c4 16. Qg3 c3 17. bxc3 dxc3 18. Nb3 b4 19. Rd1 a5 20. axb4 Bxb4 21. Be3 Ba6 22. Qf2 Bb5 23. d4 Bxe2 24. Qxe2 exd4 25. Nxd4 Nxd4 26. Bxd4 Qc7 27. Qe3 Rfe8 28. e5 Rad8 29. Kh1 Rc8 30. h4 Nh7 31. Rd3 Bc5 32. Re1 Nf6 33. g5 hxg5 34. hxg5 Ng4 35. Qg3 Bxd4 36. Qxg4 Rxe5 37. Rxe5 Bxe5 38. g6 Kf8 39. gxf7 Qxf7 40. f6 Rb8 41. fxg7+ Qxg7 42. Rf3+ Ke7 43. Qh4+ Kd6 44. Rd3+ Kc7 45. Qc4+ Kb6 46. Qc6+ Ka7 47. Rd7+ 1-0

[Event "CZE-chT1E 1617"]
[Site "Czech Republic"]
[Date "2017.01.22"]
[Round "6.6"]
[White "Bednarik, Josef"]
[Black "Nedela, Vlastimil"]
[Result "1/2-1/2"]
[WhiteElo "2128"]
[BlackElo "2328"]
[PlyCount "59"]
[EventDate "2016.10.16"]
[EventType "team-tourn"]
[EventRounds "11"]
[EventCountry "CZE"]
[SourceTitle "CBM 177 Extra"]
[Source "ChessBase"]
[SourceDate "2017.04.27"]
[SourceVersion "1"]
[SourceVersionDate "2017.04.27"]
[SourceQuality "1"]
[WhiteTeam "Zlin"]
[BlackTeam "Trinec"]
[WhiteTeamCountry "CZE"]
[BlackTeamCountry "CZE"]

1. e4 g6 2. d4 Bg7 3. Nc3 a6 4. Be3 b5 5. g4 Bb7 6. f3 d6 7. Qd2 Nd7 8. g5 c5 9. h4 h6 10. Nh3 hxg5 11. hxg5 cxd4 12. Bxd4 Ne5 13. Be2 Qd7 14. Nf2 Rxh1+ 15. Nxh1 Kf8 16. Nf2 Rc8 17. 0-0-0 b4 18. Nd5 Bxd5 19. exd5 Qa4 20. Kb1 Nd7 21. Bxg7+ Kxg7 22. Nd3 Rb8 23. f4 Qa5 24. Nc1 Qb6 25. Rf1 a5 26. f5 gxf5 27. Rxf5 Ne5 28. Nd3 Qg1+ 29. Rf1 Qd4 30. Qe1 1/2-1/2

[Event "CZE-chT2E 1617"]
[Site "Czech Republic"]
[Date "2016.12.11"]
[Round "5.5"]
[White "Bednarik, Josef"]
[Black "Sojka, Ales"]
[Result "1/2-1/2"]
[WhiteElo "2128"]
[BlackElo "2149"]
[PlyCount "27"]
[EventDate "2016.09.10"]
[EventType "team-tourn"]
[EventRounds "11"]
[EventCountry "CZE"]
[SourceTitle "EXT 2022"]
[Source "ChessBase"]
[SourceDate "2021.10.06"]
[SourceVersion "1"]
[SourceVersionDate "2021.10.06"]
[SourceQuality "1"]
[WhiteTeam "Hostalkova"]
[BlackTeam "Kromeriz Slavia II"]
[WhiteTeamCountry "CZE"]
[BlackTeamCountry "CZE"]

1. e4 e5 2. Nf3 Nc6 3. d4 d6 4. Be3 Nf6 5. Nc3 Be7 6. d5 Nb8 7. h3 0-0 8. Qd2 c5 9. g4 a6 10. a4 Qa5 11. Ne2 Bd8 12. Ng3 b5 13. Qxa5 Bxa5+ 14. Bd2 1/2-1/2

[Event "CZE-chT2F 1516"]
[Site "Czech Republic"]
[Date "2016.02.07"]
[Round "7.25"]
[White "Bednarik, Josef"]
[Black "Horsak, Jan"]
[Result "1-0"]
[WhiteElo "2090"]
[BlackElo "2080"]
[PlyCount "95"]
[EventDate "2015.10.18"]
[EventType "team-tourn"]
[EventRounds "11"]
[EventCountry "CZE"]
[SourceTitle "EXT 2022"]
[Source "ChessBase"]
[SourceDate "2021.10.06"]
[SourceVersion "1"]
[SourceVersionDate "2021.10.06"]
[SourceQuality "1"]
[WhiteTeam "Hostalkova"]
[BlackTeam "Stare Mesto II"]
[WhiteTeamCountry "CZE"]
[BlackTeamCountry "CZE"]

1. e4 d6 2. d4 Nf6 3. Nc3 g6 4. f3 Bg7 5. Be3 c6 6. Qd2 Qc7 7. 0-0-0 Nbd7 8. g4 h5 9. g5 Nh7 10. f4 b5 11. Nf3 Nb6 12. Nh4 b4 13. Nb1 Rb8 14. Rg1 Nf8 15. Qf2 d5 16. f5 dxe4 17. Bf4 Qb7 18. Bxb8 Qxb8 19. Be2 Nd5 20. Rgf1 f6 21. fxg6 e6 22. Bc4 f5 23. Rfe1 Qf4+ 24. Qxf4 Nxf4 25. Re3 N8xg6 26. Nxg6 Nxg6 27. a3 a5 28. axb4 axb4 29. Rb3 Bf8 30. c3 Bd6 31. cxb4 Bxh2 32. Ra3 f4 33. Nd2 e3 34. Nf3 Bg3 35. Ra8 Kf7 36. Bd3 Re8 37. Ra7+ Ne7 38. Ne5+ Kf8 39. Rh1 h4 40. Nf3 Rd8 41. Nxh4 Rxd4 42. Kc2 Rd7 43. Ra8 Rc7 44. Nf3 c5 45. Rh8+ Kg7 46. Rh7+ Kf8 47. b5 c4 48. Be4 1-0

[Event "CZE-chT1E 1516"]
[Site "Czech Republic"]
[Date "2016.01.31"]
[Round "7.2"]
[White "Sochorova, Petra"]
[Black "Bednarik, Josef"]
[Result "1/2-1/2"]
[WhiteElo "2171"]
[BlackElo "2114"]
[PlyCount "34"]
[EventDate "2015.10.11"]
[EventType "team-tourn"]
[EventRounds "11"]
[EventCountry "CZE"]
[SourceTitle "CBM 170 Extra"]
[Source "ChessBase"]
[SourceDate "2016.02.25"]
[SourceVersion "1"]
[SourceVersionDate "2016.02.25"]
[SourceQuality "1"]
[WhiteTeam "Brno Lokomotiva"]
[BlackTeam "Zlin"]
[WhiteTeamCountry "CZE"]
[BlackTeamCountry "CZE"]

1. e4 c5 2. Nf3 Nc6 3. c3 d5 4. exd5 Qxd5 5. d4 e6 6. Be3 cxd4 7. cxd4 Nf6 8. Nc3 Qa5 9. Bd3 Be7 10. 0-0 0-0 11. a3 a6 12. Rc1 Bd7 13. Bb1 Qh5 14. Ne2 Nd5 15. Bd2 f6 16. Qc2 g5 17. Ba2 Rad8 1/2-1/2

[Event "Vsetin op 40th"]
[Site "Vsetin"]
[Date "2015.07.04"]
[Round "1"]
[White "Bednarik, Josef"]
[Black "Gresova, Zuzana"]
[Result "1-0"]
[WhiteElo "2085"]
[BlackElo "1778"]
[PlyCount "125"]
[EventDate "2015.07.04"]
[EventType "swiss"]
[EventRounds "9"]
[EventCountry "CZE"]
[SourceTitle "CBM 167 Extra"]
[Source "ChessBase"]
[SourceDate "2015.09.14"]
[SourceVersion "1"]
[SourceVersionDate "2015.09.14"]
[SourceQuality "1"]

1. e4 c5 2. Nf3 e6 3. c4 Nc6 4. Nc3 b6 5. d4 cxd4 6. Nxd4 Nxd4 7. Qxd4 Bb7 8. Be2 Ne7 9. Bg5 f6 10. Be3 Nc6 11. Qd2 Bb4 12. Rd1 Qe7 13. 0-0 Ne5 14. f3 Rc8 15. a3 Bxc3 16. Qxc3 d5 17. exd5 exd5 18. b3 0-0 19. Bd4 Nxc4 20. Bxc4 dxc4 21. Rfe1 Qf7 22. Qb4 Rc7 23. Re3 cxb3 24. Rde1 Rc4 25. Qd2 Rd8 26. Rd3 Qg6 27. Qe3 Rc2 28. g3 Qh5 29. h4 b2 30. Bxb2 Rxd3 31. Qxd3 Qc5+ 32. Bd4 Qc4 33. Qe3 Qc8 34. g4 h6 35. g5 hxg5 36. hxg5 Qb8 37. Qb3+ Kh8 38. Be5 Qc8 39. gxf6 Qc5+ 40. Re3 Bd5 41. fxg7+ Kg8 42. Qd3 Ra2 43. Bc3 Rxa3 44. Qxd5+ Qxd5 45. Re8+ Kh7 46. Rh8+ Kg6 47. g8Q+ Qxg8 48. Rxg8+ Kf5 49. Rf8+ Ke6 50. Be1 a5 51. Kg2 b5 52. Rb8 b4 53. Rb5 Kd6 54. Rxa5 Rb3 55. Rb5 Rb2+ 56. Kg3 b3 57. Bc3 Rb1 58. Kf4 Kc6 59. Rb8 Kc5 60. Be5 Kc4 61. Kf5 Kd3 62. f4 Kc2 63. Ke6 1-0